Platon, La République, traduction inédite, introduction et notes par Georges Leroux, Paris, Flammarion, 2002, « GF », 801 p., 6,71 E. (notice n° 1657064)
[ vue normale ]
| 000 -LEADER | |
|---|---|
| fixed length control field | 00594cam a2200145 4500500 |
| 005 - DATE AND TIME OF LATEST TRANSACTION | |
| control field | 20260208010539.0 |
| 041 ## - LANGUAGE CODE | |
| Language code of text/sound track or separate title | fre |
| 042 ## - AUTHENTICATION CODE | |
| Authentication code | dc |
| 100 10 - MAIN ENTRY--PERSONAL NAME | |
| Personal name | Larivée, Annie |
| Relator term | author |
| 245 00 - TITLE STATEMENT | |
| Title | Platon, La République, traduction inédite, introduction et notes par Georges Leroux, Paris, Flammarion, 2002, « GF », 801 p., 6,71 E. |
| 260 ## - PUBLICATION, DISTRIBUTION, ETC. | |
| Date of publication, distribution, etc. | 2005.<br/> |
| 500 ## - GENERAL NOTE | |
| General note | 19 |
| 786 0# - DATA SOURCE ENTRY | |
| Note | Revue philosophique de la France et de l'étranger | 130 | 1 | 2005-03-01 | p. 77y-130y | 0035-3833 |
| 856 41 - ELECTRONIC LOCATION AND ACCESS | |
| Uniform Resource Identifier | <a href="https://shs.cairn.info/revue-philosophique-2005-1-page-77y?lang=fr&redirect-ssocas=7080">https://shs.cairn.info/revue-philosophique-2005-1-page-77y?lang=fr&redirect-ssocas=7080</a> |
Pas d'exemplaire disponible.




Réseaux sociaux